[Event "Plzen Calliditas op"]
[Site "Plzen"]
[Date "2023.08.19"]
[Round "1"]
[White "Tirb, Alexej"]
[Black "Sladek, Jaroslav"]
[Result "0-1"]
[WhiteElo "1213"]
[BlackElo "1840"]
[PlyCount "82"]
[EventDate "2023.08.19"]
[EventType "swiss"]
[EventRounds "9"]
[EventCountry "CZE"]
[SourceTitle "EXT 2024"]
[Source "ChessBase"]
[SourceDate "2023.10.10"]
[SourceVersion "1"]
[SourceVersionDate "2023.10.10"]
[SourceQuality "1"]

1. e4 d5 2. exd5 Nf6 3. Bc4 Nxd5 4. Bxd5 Qxd5 5. Nf3 Bg4 6. Nc3 Qd7 7. h3 Bh5 8. 0-0 Nc6 9. d3 Nd4 10. g4 Bxg4 11. hxg4 Qxg4+ 12. Kh1 Nxf3 13. Qxf3 Qxf3+ 14. Kg1 a5 15. Re1 Ra6 16. Kf1 Qh3+ 17. Ke2 Re6+ 18. Be3 f5 19. Kd2 Qf3 20. a4 b6 21. Bd4 Rxe1 22. Rxe1 Kd7 23. Kc1 e6 24. Nd1 c5 25. Be3 Bd6 26. b3 Bf4 27. Bxf4 Qxf4+ 28. Kb2 Qd4+ 29. Kb1 g5 30. Rg1 g4 31. Rg2 h5 32. Rg1 h4 33. Kc1 h3 34. Rh1 f4 35. Kd2 Qd5 36. Rg1 h2 37. Rf1 h1Q 38. Rxh1 Rxh1 39. Nc3 Qe5 40. d4 Qxd4+ 41. Ke2 f3# 0-1